000 00710nam a2200229Ia 4500
001 2242
003 GE_BSU
008 181216s||||||||xx |||||||||||||| ||und||
040 _cGE_BSU
080 _a59(075.8)
100 _aНаталиб В.Ф.
245 _aЗоология Беспозвоночных.
245 _bУчебник для студ. педагогических ин-тов.Изд. 3-ье перер. и доп.
245 _c[Под. ред. О.Н.Сазоновой.]
260 _aМосква
260 _bПросвещение
260 _c1975
300 _a487 с. с ил.
541 _h25 л.
653 _aЗоология Беспозвоночных.
942 _cBK
999 _c36334
_d36334